000 00251nam a2200097Ia 4500
082 _aEF HUME
245 0 _aKing Arthur : dragon's child
100 _a HUME, M K. London, 2009
_975796
942 _cBK
008 210817s9999 xx 000 0 und d
999 _c251010
_d251009